<?xml version="1.0" encoding="UTF-8"?><record xmlns="http://www.loc.gov/MARC21/slim" xmlns:zs="http://docs.oasis-open.org/ns/search-ws/sruResponse">
  <leader>02591nam a22004333i 4500</leader>
  <controlfield tag="001">22053510</controlfield>
  <controlfield tag="005">20250607105709.4</controlfield>
  <controlfield tag="006">m    |o  d |      </controlfield>
  <controlfield tag="007">cr |||||||||||</controlfield>
  <controlfield tag="008">210428s1885    xx |||||o|||||||| ||ara  </controlfield>
  <datafield ind1=" " ind2=" " tag="035">
    <subfield code="a">22053510</subfield>
  </datafield>
  <datafield ind1=" " ind2=" " tag="906">
    <subfield code="a">0</subfield>
    <subfield code="b">ibc</subfield>
    <subfield code="c">orignew</subfield>
    <subfield code="d">u</subfield>
    <subfield code="e">ncip</subfield>
    <subfield code="f">20</subfield>
    <subfield code="g">y-gencatlg</subfield>
  </datafield>
  <datafield ind1=" " ind2=" " tag="955">
    <subfield code="a">LCAP batch update 2025-06-02-04:00: LCAPM-988</subfield>
  </datafield>
  <datafield ind1=" " ind2=" " tag="010">
    <subfield code="a">  2021666248</subfield>
  </datafield>
  <datafield ind1=" " ind2=" " tag="035">
    <subfield code="a">(WDL)12939</subfield>
  </datafield>
  <datafield ind1=" " ind2=" " tag="040">
    <subfield code="a">DLC</subfield>
    <subfield code="b">eng</subfield>
    <subfield code="c">DLC</subfield>
  </datafield>
  <datafield ind1=" " ind2=" " tag="041">
    <subfield code="a">ara</subfield>
  </datafield>
  <datafield ind1=" " ind2=" " tag="066">
    <subfield code="c">(3</subfield>
  </datafield>
  <datafield ind1=" " ind2=" " tag="080">
    <subfield code="a">492</subfield>
  </datafield>
  <datafield ind1="0" ind2="4" tag="245">
    <subfield code="a">The Book of Literary Expressions.</subfield>
  </datafield>
  <datafield ind1="3" ind2="1" tag="880">
    <subfield code="6">246-00/(3/r</subfield>
    <subfield code="a">كتاب الألفاظ الكتابية</subfield>
  </datafield>
  <datafield ind1=" " ind2=" " tag="260">
    <subfield code="a">Beirut :</subfield>
    <subfield code="b">Matbaʻat al-Abāʼ al-Yasuʻīyyīn,</subfield>
    <subfield code="c">1885.</subfield>
  </datafield>
  <datafield ind1=" " ind2=" " tag="300">
    <subfield code="a">1 online resource.</subfield>
  </datafield>
  <datafield ind1=" " ind2=" " tag="336">
    <subfield code="a">text</subfield>
    <subfield code="b">txt</subfield>
    <subfield code="2">rdacontent</subfield>
  </datafield>
  <datafield ind1=" " ind2=" " tag="337">
    <subfield code="a">computer</subfield>
    <subfield code="b">c</subfield>
    <subfield code="2">rdamedia</subfield>
  </datafield>
  <datafield ind1=" " ind2=" " tag="338">
    <subfield code="a">online resource</subfield>
    <subfield code="b">cr</subfield>
    <subfield code="2">rdacarrier</subfield>
  </datafield>
  <datafield ind1=" " ind2=" " tag="500">
    <subfield code="a">Title devised, in English, by Library staff.</subfield>
  </datafield>
  <datafield ind1=" " ind2=" " tag="500">
    <subfield code="a">Original resource extent: 339 pages ; 17 centimeters.</subfield>
  </datafield>
  <datafield ind1=" " ind2=" " tag="520">
    <subfield code="a">Published in 1885 by the Jesuit Fathers' printing press of Beirut, the present volume contains an edition of one of the three extant versions of Kitāb al-Alfāẓ al-Kitābiyya (The book of literary expressions) by the tenth-century grammarian, 'Abd al-Raḥmān ibn 'Īsā al-Hamd̲ānī. This work presents a collection of difficult words and expressions found in classical Arabic literary texts. For each word or expression, the author offers a number of synonyms and paraphrases intended to guide the reader to a better understanding of the lexical, grammatical, and syntactical peculiarities of the language used by authors writing in classical Arabic. There are no explicit references to the literary works where these expressions are found; they are all introduced by the phrase "it is said." Qurʼanic verses are mentioned as well, when the features discussed in the chapters have parallels in the Qurʼan. An index to all the expressions analyzed in the book and a word index conclude the work.</subfield>
  </datafield>
  <datafield ind1="1" ind2=" " tag="535">
    <subfield code="3">Original resource at:</subfield>
    <subfield code="a">Qatar National Library.</subfield>
  </datafield>
  <datafield ind1=" " ind2=" " tag="546">
    <subfield code="a">Content in Arabic.</subfield>
  </datafield>
  <datafield ind1="0" ind2=" " tag="588">
    <subfield code="a">Description based on data extracted from World Digital Library, which may be extracted from partner institutions.</subfield>
  </datafield>
  <datafield ind1=" " ind2="0" tag="653">
    <subfield code="a">900 to 932</subfield>
  </datafield>
  <datafield ind1=" " ind2="0" tag="653">
    <subfield code="a">Arabic language</subfield>
    <subfield code="a">Grammar</subfield>
    <subfield code="a">Koran -- Commentaries</subfield>
  </datafield>
  <datafield ind1=" " ind2=" " tag="720">
    <subfield code="a">Hamadhānī, ʻAbd al-Raḥmān ibn ʻĪsá, died circa 932</subfield>
    <subfield code="e">Author.</subfield>
  </datafield>
  <datafield ind1=" " ind2=" " tag="752">
    <subfield code="a">Lebanon</subfield>
    <subfield code="d">Beirut</subfield>
  </datafield>
  <datafield ind1="4" ind2="0" tag="856">
    <subfield code="d">gdcwdl</subfield>
    <subfield code="f">wdl_12939</subfield>
    <subfield code="u">https://hdl.loc.gov/loc.wdl/wdl.12939</subfield>
  </datafield>
  <datafield ind1=" " ind2=" " tag="985">
    <subfield code="a">wdl/wdlpartner/wdlqatar</subfield>
  </datafield>
  <datafield ind1=" " ind2=" " tag="991">
    <subfield code="b">s-Online</subfield>
    <subfield code="h">Electronic Resource</subfield>
  </datafield>
</record>
